Vendégségben Budapesten

Bibliographic Details
Main Author: Kósik, Andrea 1974- (Author)
Format: Article
Language:Hungarian
PhysicalDescription:Fotogr.
Subjects:

MARC

LEADER 00000nab a2200000 ar4500
001 vtls008836885
003 SK-MaSNL
005 20260319071110.0
008 060728c2006 xo |||||||| 000 b|hun
015 |a SNBRB2006/07  |2 snkbucl 
038 |a SNKBUCL 
040 |a DSZK  |b slo  |c DSZK  |e AACR2  |d SNKBUCL 
041 0 |a hun 
044 |a xo  |c SK 
080 |a 316.346.32-053.6  |x (=511.141)  |x (100)  |2 1997 
080 |a 394.9  |x (439)  |2 1997 
080 |a 061.3  |2 1997 
100 1 |a Kósik, Andrea  |d 1974-  |4 aut  |9 848884 
245 1 0 |a Vendégségben Budapesten  |c Kósik Andrea 
300 |b Fotogr. 
611 2 7 |a Vendégségben Budapesten - Határon túli magyar fiatalok találkozója  |n (11. :  |d 2006 :  |c Budapešť, Maďarsko)  |2 snkbucl  |9 1057097 
650 0 7 |a maďarská mládež  |x stretnutia  |2 snkbucl  |9 1053206 
650 0 7 |a Maďari v zahraničí  |2 snkbucl  |9 516031 
773 0 |t Vasárnap  |g Évf. 39, sz. 30 (2006), o. 12-13 
852 |a SNK  |b KIS3GCP 
852 |a DSZK  |b KIS3GCP 
958 |a HU 
999 |c 1737621  |d 1739551